[Event "Regionalliga NO 9495"]
[Site "Bayern"]
[Date "1994.??.??"]
[Round "?.7"]
[White "Hippler, Michael"]
[Black "Cipra, Lothar"]
[Result "1-0"]
[WhiteElo "1900"]
[BlackElo "2005"]
[PlyCount "125"]
[EventDate "1994.10.??"]
[EventType "team-tourn"]
[EventRounds "9"]
[EventCountry "GER"]
[SourceTitle "EXT 1999"]
[Source "ChessBase"]
[SourceDate "1998.11.16"]
[SourceVersion "1"]
[SourceVersionDate "1998.11.16"]
[SourceQuality "1"]
[WhiteTeam "Nuernberg Sued SW"]
[BlackTeam "Schwanstetten"]
[WhiteTeamCountry "GER"]
[BlackTeamCountry "GER"]

1. d4 Nf6 2. Nf3 d5 3. Bf4 e6 4. e3 Bd6 5. Ne5 0-0 6. Nd2 c5 7. c3 c4 8. Qf3 Qc7 9. Be2 Nc6 10. Qg3 Ne8 11. 0-0 f6 12. Nxc6 Qxc6 13. Bxd6 Nxd6 14. f4 Bd7 15. Bd1 Nf5 16. Qf2 Qb6 17. Nf3 Nh6 18. Bc2 Bc6 19. Qe2 Qc7 20. Rae1 Rae8 21. g3 b5 22. a3 Nf7 23. Qg2 e5 24. f5 e4 25. Nh4 a5 26. Bd1 Re7 27. Qe2 Be8 28. Rf4 Ng5 29. Kg2 Qc8 30. Qf2 Rb7 31. Bg4 Qb8 32. h3 b4 33. axb4 axb4 34. Re2 bxc3 35. bxc3 Qd6 36. Kh2 Bf7 37. Ng2 Rfb8 38. h4 Be8 39. h5 Nf7 40. Nh4 Nh6 41. Ra2 Nxg4+ 42. Rxg4 Bxh5 43. Rf4 Rf8 44. Ng2 Rb1 45. Rb2 Rb8 46. Rxb8+ Qxb8 47. Qa2 Rb2 48. Qa5 Rb5 49. Qa6 Bf3 50. Qe6+ Kh8 51. Nh4 Rb2+ 52. Kh3 Qg8 53. Qd7 Bh5 54. Rf1 Rb8 55. g4 Be8 56. Qa7 Bc6 57. Rh1 Ra8 58. Kg2 g5 59. Ng6+ Qxg6 60. Qxa8+ Qe8 61. Qxe8+ Bxe8 62. Ra1 h5 63. Ra8 1-0